| 000 | 01937nmc a2200601 a 4500 | ||
|---|---|---|---|
| 003 | AR-BaBNM | ||
| 005 | 20251128210049.0 | ||
| 008 | 079019s1995 ||||||||||||||000 | spa|| | ||
| 020 | _a950-718-108-3 | ||
| 040 | _cAR-BaBNM | ||
| 245 | 1 | 0 | _aLas transformaciones de la educación en diez años de democracia |
| 250 | _a1ª ed. | ||
| 260 |
_aBuenos Aires _bTesis-Norma _c1995 |
||
| 300 | 0 | _a351 p. | |
| 490 | 0 | _aEducación | |
| 504 | _aContiene bibliografía al final de cada capítulo | ||
| 504 | _aContiene apéndice con listado de bibliografía sobre el tema p. 321-350 | ||
| 650 | 4 | _aDEMOCRATIZACION DE LA EDUCACION | |
| 650 | 4 | _aHISTORIA DE LA EDUCACION | |
| 650 | 4 | _aDIAGNOSTICO EDUCACIONAL | |
| 650 | 4 | _aTENDENCIAS DE LA POLITICA EDUCATIVA | |
| 650 | 4 | _aRELACION ESCUELA-COMUNIDAD | |
| 650 | 4 | _aDOCENTES | |
| 650 | 4 | _aFORMACION DE DOCENTES | |
| 650 | 4 | _aPERFIL PROFESIONAL DEL DOCENTE | |
| 650 | 4 | _aCALIDAD DE LA EDUCACION | |
| 650 | 4 | _aEXPECTATIVAS EDUCACIONALES | |
| 650 | 4 | _aADMINISTRACION DE LA EDUCACION | |
| 650 | 4 | _aDERECHOS HUMANOS | |
| 650 | 4 | _aEDUCACION Y EMPLEO | |
| 650 | 4 | _aPOLITICA EDUCATIVA | |
| 651 | 4 | _aArgentina | |
| 653 | _aDISCRIMINACION EDUCATIVA | ||
| 653 | 0 | _aMARGINACION EDUCATIVA | |
| 653 | 0 | _aINSTITUCIONES EDUCATIVAS | |
| 653 | 0 | _aCONTENIDOS CURRICULARES | |
| 653 | 0 | _aEDUCACION PRIMARIA | |
| 653 | 0 | _aEDUCACION SECUNDARIA | |
| 653 | 0 | _aLEY FEDERAL DE EDUCACION | |
| 653 | 0 | _aFINANCIAMIENTO EDUCATIVO | |
| 653 | 0 | _aFORMACION DEL CIUDADANO | |
| 700 | 1 |
_aTiramonti, Guillermina _ecompilador |
|
| 700 | 1 |
_aBraslavsky, Cecilia _ecompilador |
|
| 700 | 1 |
_aFilmus, Daniel _ecompilador |
|
| 700 | 1 | _aBirgin, Alejandra | |
| 700 | 1 | _aPoggi, Margarita | |
| 700 | 1 | _aGvirtz, Silvina | |
| 700 | 1 | _aCosse, Gustavo | |
| 700 | 1 | _aFeldfeber, Myriam | |
| 810 | 2 |
_aFacultad Latinoamericana de Ciencias Sociales _9FLACSO |
|
| 942 | _cBK | ||
| 998 | _cRaquel | ||
| 999 |
_c13863 _d13863 |
||